| 000 | 00518nam a2200181Ia 4500 | ||
|---|---|---|---|
| 008 | 220216s9999 xx 000 0 und d | ||
| 100 | _aMathew T. | ||
| 245 | 0 | _aMicroflora associated with phylloplane, cauloplane and rhizosphere of two popular rubber clones at two locations in India | |
| 260 |
_bNatural Rubber Research _c2004 |
||
| 300 | _a47-52 | ||
| 650 | _aCauloplane | ||
| 650 | _aClone | ||
| 650 | _aMicroflora | ||
| 650 | _aPhylloplane | ||
| 650 | _aRhizosphere | ||
| 700 | _aJacob C.K. | ||
| 942 | _cBS | ||
| 999 |
_c51659 _d51659 |
||